| 000 | 02590nam a22003497a 4500 | ||
|---|---|---|---|
| 008 | 100822t xxu||||| |||| 00| 0 eng d | ||
| 082 |
_222 _a081 _bز ا ن |
||
| 100 |
_917616 _aزانينى, غيوسيبى |
||
| 245 |
_aموسوعة العالم بين يديك / _cزانينى, غيوسيبى |
||
| 260 |
_aسويسرا : _bسيلكا, _c[1987] |
||
| 300 |
_aمج: _bايض؛ _c30 سم. |
||
| 500 | _aرسوم تونى وولف | ||
| 500 | _aأعاد صياغة النص لهذه الطبعة يعقوب الشارونى | ||
| 650 |
_917609 _aأختراعات |
||
| 650 |
_917610 _aكوكب الأرض |
||
| 650 |
_917611 _aإكتشافات علمية |
||
| 650 |
_914663 _aتاريخ |
||
| 650 |
_917613 _aالسياحة |
||
| 650 |
_917614 _aطبيعة |
||
| 650 |
_915140 _aالكون |
||
| 942 |
_2ddc _cBB |
||
| 999 |
_c14683 _d14683 |
||